Catalog

Record Details

Catalog Search



Noodle and the no bones day  Cover Image Book Book

Noodle and the no bones day / written by Jonathan Graziano ; illustrated by Dan Tavis.

Graziano, Jonathan, (author.). Tavis, Dan, (illustrator.).

Summary:

Noodle is an active old pug, but one day when his favorite human lifts him up Noodle just flops over like he as no bones and Jonathan soon learns that not every day can be a Bones Day, and sometimes a No Bones Day is exactly what you need to get through the week.

Record details

  • ISBN: 9781665927109
  • ISBN: 1665927100
  • Physical Description: 32 unnumbered pages : color illustrations ; 27 cm
  • Edition: First edition.
  • Publisher: New York, New York : Margaret K. McElderry Books, an imprint of Simon & Schuster Children's Publishing Division, [2022]
Subject: Pug > Juvenile fiction.
Dogs > Juvenile fiction.
Self-care, Health > Juvenile fiction.
Human-animal relationships > Juvenile fiction.
Genre: Picture books.
Animal fiction.

Available copies

  • 1 of 1 copy available at scottsboropl.

Holds

  • 0 current holds with 1 total copy.
Show Only Available Copies
Location Call Number / Copy Notes Barcode Shelving Location Status Due Date
scottsboropl E Gra 32269001224800 Juvenile - Easy Available -

LDR 03061cam a2200673 i 4500
001159192
003SBPL
00520220921161801.0
008220303s2022 nyua b 000 1 eng
010 . ‡a 2022001794
020 . ‡a9781665927109 ‡qhardcover
020 . ‡a1665927100 ‡qhardcover
035 . ‡a(OCoLC)1292972447 ‡z(OCoLC)1292730683 ‡z(OCoLC)1292809392 ‡z(OCoLC)1292837318 ‡z(OCoLC)1292961424
050 4. ‡aPS3607.R39933 ‡bN66 2022
05000. ‡aPZ7.1.G73636 ‡bNo 2022
08204. ‡a813/.6 ‡223/eng/20220720
1001 . ‡aGraziano, Jonathan, ‡eauthor.
24510. ‡aNoodle and the no bones day / ‡cwritten by Jonathan Graziano ; illustrated by Dan Tavis.
2463 . ‡aNoodle & the no bones day
250 . ‡aFirst edition.
264 1. ‡aNew York, New York : ‡bMargaret K. McElderry Books, an imprint of Simon & Schuster Children's Publishing Division, ‡c[2022]
300 . ‡a32 unnumbered pages : ‡bcolor illustrations ; ‡c27 cm
336 . ‡atext ‡btxt ‡2rdacontent
336 . ‡astill image ‡2rdacontent
337 . ‡aunmediated ‡bn ‡2rdamedia
338 . ‡avolume ‡bnc ‡2rdacarrier
520 . ‡aNoodle is an active old pug, but one day when his favorite human lifts him up Noodle just flops over like he as no bones and Jonathan soon learns that not every day can be a Bones Day, and sometimes a No Bones Day is exactly what you need to get through the week.
650 0. ‡aPug ‡vJuvenile fiction.
650 0. ‡aDogs ‡vJuvenile fiction.
650 0. ‡aSelf-care, Health ‡vJuvenile fiction.
650 0. ‡aHuman-animal relationships ‡vJuvenile fiction.
655 7. ‡aPicture books. ‡2lcgft
655 7. ‡aAnimal fiction. ‡2lcgft
7001 . ‡aTavis, Dan, ‡eillustrator.
901 . ‡a159192 ‡b ‡c159192 ‡tbiblio

Additional Resources